[Event "European School Championships"]
[Site "Rhodes, Greece"]
[Date "2022.04.23"]
[Round "3.2"]
[White "Susin, Derya Defne"]
[Black "Parikh, Naavya"]
[Result "1-0"]
[WhiteElo "1297"]
[BlackElo "1627"]
[PlyCount "113"]
[EventDate "2022.04.21"]
[EventRounds "9"]

1. d4 {[%emt 0:00:03]} d5 {[%emt 0:00:06]} 2. c4 {[%emt 0:00:08]} c6 {[%emt 0:
00:05]} 3. Nc3 {[%emt 0:00:25]} Nf6 {[%emt 0:00:06]} 4. Nf3 {[%emt 0:00:45]} e6
{[%emt 0:00:12]} 5. e3 {[%emt 0:01:59]} Nbd7 {[%emt 0:00:16]} 6. Bd3 {[%emt 0:
01:36]} Be7 {[%emt 0:00:33]} 7. O-O {[%emt 0:01:19]} b6 {[%emt 0:00:46]} 8. b3
{[%emt 0:04:00]} Bb7 {[%emt 0:00:33]} 9. Bb2 {[%emt 0:01:42]} O-O {[%emt 0:04:
33]} 10. Qc2 {[%emt 0:00:41]} Rc8 {[%emt 0:03:25]} 11. Rad1 {[%emt 0:06:49]}
Re8 {[%emt 0:02:46]} 12. Qb1 {[%emt 0:02:23]} Qc7 {[%emt 0:00:59]} 13. Rfe1 {
[%emt 0:06:14]} c5 {[%emt 0:01:56]} 14. Ne5 {[%emt 0:09:29]} Nxe5 {[%emt 0:10:
51]} 15. dxe5 {[%emt 0:00:28]} Qxe5 {[%emt 0:01:04]} 16. Nxd5 {[%emt 0:05:01]}
Qh5 {[%emt 0:03:32]} 17. Nxf6+ {[%emt 0:06:43]} gxf6 {[%emt 0:00:51]} 18. Be4 {
[%emt 0:03:28]} Bxe4 {[%emt 0:03:04]} 19. Qxe4 {[%emt 0:00:15]} Qg6 {[%emt 0:
01:24]} 20. Qf3 {[%emt 0:05:40]} Kh8 {[%emt 0:14:13]} 21. Rd7 {[%emt 0:04:29]}
e5 {[%emt 0:02:52]} 22. Rxa7 {[%emt 0:06:00]} Bd6 {[%emt 0:05:12]} 23. Qb7 {
[%emt 0:12:40]} Bc7 {[%emt 0:03:45]} 24. Qf3 {[%emt 0:03:51]} Re6 {[%emt 0:09:
34]} 25. Rd1 {[%emt 0:07:17]} Qc2 {[%emt 0:06:12]} 26. Ba1 {[%emt 0:04:37]} Qg6
{[%emt 0:06:17]} 27. e4 {[%emt 0:01:04]} Bd6 {[%emt 0:01:00]} 28. Rd7 {[%emt 0:
00:56]} Be7 {[%emt 0:01:17]} 29. Qf5 {[%emt 0:01:06]} Qh6 {[%emt 0:00:42]} 30.
Rxe7 {[%emt 0:00:40]} Rcc6 {[%emt 0:02:24]} 31. Rxe6 {[%emt 0:00:25]} fxe6 {
[%emt 0:00:06]} 32. Qg4 {[%emt 0:00:25]} Rc8 {[%emt 0:01:23]} 33. Qxe6 {
[%emt 0:00:38]} Rg8 {[%emt 0:00:30]} 34. Bxe5 {[%emt 0:00:31]} Rf8 {[%emt 0:00:
46]} 35. h3 {[%emt 0:00:27]} Qg6 {[%emt 0:00:57]} 36. Qe7 {[%emt 0:00:26]} Rf7
{[%emt 0:01:04]} 37. Qe8+ {[%emt 0:00:36]} Kg7 {[%emt 0:00:06]} 38. Rd6 {
[%emt 0:00:36]} Kh6 {[%emt 0:01:37]} 39. Bxf6 {[%emt 0:00:29]} Rxf6 {[%emt 0:
00:48]} 40. Qxg6+ {[%emt 0:00:06]} Rxg6 {[%emt 0:00:10]} 41. Rxg6+ {[%emt 0:00:
01]} hxg6 {[%emt 0:00:13]} 42. f4 {[%emt 0:00:09]} Kg7 {[%emt 0:00:05]} 43. Kf2
{[%emt 0:00:05]} Kf6 {[%emt 0:00:06]} 44. g4 {[%emt 0:00:05]} Ke6 {[%emt 0:00:
13]} 45. f5+ {[%emt 0:00:10]} gxf5 {[%emt 0:00:05]} 46. exf5+ {[%emt 0:00:02]}
Kf6 {[%emt 0:00:09]} 47. Kf3 {[%emt 0:00:08]} Kg5 {[%emt 0:00:06]} 48. h4+ {
[%emt 0:00:05]} Kf6 {[%emt 0:00:08]} 49. Kf4 {[%emt 0:00:02]} Kg7 {[%emt 0:00:
15]} 50. g5 {[%emt 0:00:05]} Kf7 {[%emt 0:00:08]} 51. Ke5 {[%emt 0:00:05]} Ke7
{[%emt 0:00:05]} 52. g6 {[%emt 0:00:03]} Kf8 {[%emt 0:00:08]} 53. Kf6 {[%emt 0:
00:14]} Kg8 {[%emt 0:00:07]} 54. g7 {[%emt 0:00:11]} b5 {[%emt 0:00:05]} 55.
Kg6 {[%emt 0:00:10]} bxc4 {[%emt 0:00:09]} 56. f6 {[%emt 0:00:17]} cxb3 {
[%emt 0:00:15]} 57. f7# {[%emt 0:00:05]} 1-0

[Event "European School Championships"]
[Site "Rhodes, Greece"]
[Date "2022.04.23"]
[Round "3.3"]
[White "Gavish, Maya"]
[Black "Ozsoy, Idil Mira"]
[Result "0-1"]
[WhiteElo "1451"]
[BlackElo "2034"]
[PlyCount "80"]
[EventDate "2022.04.21"]
[EventRounds "9"]

1. d4 {[%emt 0:00:04]} d5 {[%emt 0:00:08]} 2. Nf3 {[%emt 0:00:06]} Nf6 {
[%emt 0:00:15]} 3. Bf4 {[%emt 0:00:15]} e6 {[%emt 0:00:08]} 4. e3 {[%emt 0:00:
45]} Bd6 {[%emt 0:00:08]} 5. Bg3 {[%emt 0:00:40]} O-O {[%emt 0:00:41]} 6. Bd3 {
[%emt 0:00:32]} c5 {[%emt 0:01:04]} 7. c3 {[%emt 0:01:39]} Qc7 {[%emt 0:00:57]}
8. Nbd2 {[%emt 0:01:21]} Nbd7 {[%emt 0:00:53]} 9. O-O {[%emt 0:01:33]} Bxg3 {
[%emt 0:00:33]} 10. hxg3 {[%emt 0:00:12]} e5 {[%emt 0:00:53]} 11. e4 {[%emt 0:
02:42]} Re8 {[%emt 0:19:02]} 12. Re1 {[%emt 0:01:21]} cxd4 {[%emt 0:14:06]} 13.
cxd4 {[%emt 0:01:25]} exd4 {[%emt 0:00:43]} 14. exd5 {[%emt 0:01:20]} Rxe1+ {
[%emt 0:02:34]} 15. Qxe1 {[%emt 0:01:02]} Nc5 {[%emt 0:09:46]} 16. Bc4 {
[%emt 0:03:26]} Bg4 {[%emt 0:09:56]} 17. Qe5 {[%emt 0:02:16]} Qa5 {[%emt 0:07:
34]} 18. Qxd4 {[%emt 0:01:29]} Rd8 {[%emt 0:03:18]} 19. Ne5 {[%emt 0:17:38]}
Be6 {[%emt 0:07:00]} 20. d6 {[%emt 0:12:24]} Kf8 {[%emt 0:08:23]} 21. Ndf3 {
[%emt 0:12:35]} h6 {[%emt 0:04:30]} 22. Nd3 {[%emt 0:07:23]} Nxd3 {[%emt 0:01:
45]} 23. Qxd3 {[%emt 0:05:36]} Bf5 {[%emt 0:02:48]} 24. Qb3 {[%emt 0:01:46]}
Rd7 {[%emt 0:00:48]} 25. Rc1 {[%emt 0:01:34]} Qc5 {[%emt 0:02:28]} 26. Qb5 {
[%emt 0:06:12]} Qxb5 {[%emt 0:00:35]} 27. Bxb5 {[%emt 0:00:01]} Rxd6 {[%emt 0:
00:03]} 28. Kf1 {[%emt 0:04:12]} a6 {[%emt 0:00:58]} 29. Ba4 {[%emt 0:01:44]}
Rb6 {[%emt 0:01:11]} 30. Bb3 {[%emt 0:00:55]} Rd6 {[%emt 0:01:28]} 31. Ba4 {
[%emt 0:00:17]} b5 {[%emt 0:00:09]} 32. Bb3 {[%emt 0:00:10]} Ne4 {[%emt 0:00:
47]} 33. Rc7 {[%emt 0:01:47]} Bg6 {[%emt 0:00:24]} 34. Ke2 {[%emt 0:01:09]} a5
{[%emt 0:00:38]} 35. Ne5 {[%emt 0:00:54]} Ng5 {[%emt 0:00:38]} 36. Nxg6+ {
[%emt 0:01:51]} Rxg6 {[%emt 0:00:23]} 37. a4 {[%emt 0:01:16]} bxa4 {[%emt 0:00:
28]} 38. Bxa4 {[%emt 0:00:04]} Rb6 {[%emt 0:00:32]} 39. b3 {[%emt 0:00:12]} Ne6
{[%emt 0:00:23]} 40. Ke3 {[%emt 0:01:16]} Nxc7 {[%emt 0:00:07]} 0-1

[Event "European School Championships"]
[Site "Rhodes, Greece"]
[Date "2022.04.23"]
[Round "3.4"]
[White "Abbasova, Zarifa"]
[Black "Mgeladze, Kesaria"]
[Result "1/2-1/2"]
[WhiteElo "1497"]
[BlackElo "1663"]
[PlyCount "86"]
[EventDate "2022.04.21"]
[EventRounds "9"]

1. e4 {[%emt 0:00:20]} c5 {[%emt 0:00:09]} 2. c3 {[%emt 0:00:10]} Nf6 {[%emt 0:
00:07]} 3. e5 {[%emt 0:00:05]} Nd5 {[%emt 0:00:09]} 4. d4 {[%emt 0:00:05]} cxd4
{[%emt 0:00:25]} 5. Nf3 {[%emt 0:00:03]} d6 {[%emt 0:01:44]} 6. cxd4 {[%emt 0:
00:09]} Nc6 {[%emt 0:00:07]} 7. Bc4 {[%emt 0:01:02]} Nb6 {[%emt 0:00:43]} 8.
Bb3 {[%emt 0:00:54]} Na5 {[%emt 0:10:41]} 9. Bc2 {[%emt 0:01:58]} g6 {[%emt 0:
00:59]} 10. O-O {[%emt 0:00:32]} Bg7 {[%emt 0:00:10]} 11. Bf4 {[%emt 0:08:28]}
dxe5 {[%emt 0:07:31]} 12. dxe5 {[%emt 0:04:46]} O-O {[%emt 0:00:57]} 13. Nbd2 {
[%emt 0:01:34]} Nc6 {[%emt 0:09:37]} 14. Rc1 {[%emt 0:15:01]} Be6 {[%emt 0:08:
20]} 15. Bb3 {[%emt 0:15:22]} Bxb3 {[%emt 0:05:07]} 16. Qxb3 {[%emt 0:07:13]}
a5 {[%emt 0:21:59]} 17. Nc4 {[%emt 0:08:15]} Nxc4 {[%emt 0:04:12]} 18. Rxc4 {
[%emt 0:04:00]} Ra6 {[%emt 0:07:44]} 19. Rd1 {[%emt 0:05:28]} Qa8 {[%emt 0:02:
46]} 20. Rd7 {[%emt 0:06:34]} Rd8 {[%emt 0:00:52]} 21. Qd1 {[%emt 0:00:57]}
Rxd7 {[%emt 0:02:11]} 22. Qxd7 {[%emt 0:00:09]} Rb6 {[%emt 0:00:17]} 23. b3 {
[%emt 0:01:41]} Rb4 {[%emt 0:01:01]} 24. Qd3 {[%emt 0:01:39]} Rxc4 {[%emt 0:03:
12]} 25. bxc4 {[%emt 0:02:30]} Qd8 {[%emt 0:04:14]} 26. Qxd8+ {[%emt 0:01:22]}
Nxd8 {[%emt 0:00:04]} 27. Nd4 {[%emt 0:02:47]} Nc6 28. Nxc6 {[%emt 0:01:03]}
bxc6 {[%emt 0:00:03]} 29. Kf1 {[%emt 0:00:25]} Kf8 {[%emt 0:00:13]} 30. Ke2 {
[%emt 0:00:18]} Ke8 {[%emt 0:00:08]} 31. Kd3 {[%emt 0:00:09]} Kd7 {[%emt 0:00:
30]} 32. Kd4 {[%emt 0:00:17]} e6 {[%emt 0:01:29]} 33. Bd2 {[%emt 0:00:52]} a4 {
[%emt 0:00:36]} 34. f4 {[%emt 0:02:56]} f6 {[%emt 0:01:51]} 35. c5 {[%emt 0:00:
43]} fxe5+ {[%emt 0:00:16]} 36. fxe5 {[%emt 0:00:01]} Kc7 {[%emt 0:00:12]} 37.
Bf4 {[%emt 0:03:43]} Kb7 {[%emt 0:00:25]} 38. a3 {[%emt 0:00:39]} Ka6 {[%emt 0:
00:56]} 39. Kc4 {[%emt 0:00:07]} Ka5 {[%emt 0:00:08]} 40. g4 {[%emt 0:03:19]}
Bf8 {[%emt 0:01:45]} 41. Bd2+ {[%emt 0:05:04]} Ka6 {[%emt 0:00:03]} 42. Bg5 {
[%emt 0:02:18]} h5 {[%emt 0:01:45]} 43. h3 {[%emt 0:03:06]} Ka5 {[%emt 0:01:16]
} 1/2-1/2

[Event "European School Championships"]
[Site "Rhodes, Greece"]
[Date "2022.04.24"]
[Round "4.1"]
[White "Susin, Derya Defne"]
[Black "Kirtadze, Anastasia"]
[Result "0-1"]
[WhiteElo "1297"]
[BlackElo "1783"]
[PlyCount "118"]
[EventDate "2022.04.21"]
[EventRounds "9"]

1. d4 {[%emt 0:00:03]} Nf6 {[%emt 0:00:07]} 2. c4 {[%emt 0:00:07]} e6 {[%emt 0:
00:12]} 3. Nc3 {[%emt 0:00:06]} Bb4 {[%emt 0:00:29]} 4. Qc2 {[%emt 0:00:34]}
O-O {[%emt 0:00:21]} 5. e4 {[%emt 0:02:39]} d5 {[%emt 0:00:09]} 6. cxd5 {
[%emt 0:04:24]} exd5 {[%emt 0:01:31]} 7. e5 {[%emt 0:02:51]} Ne4 {[%emt 0:20:
31]} 8. Bd3 {[%emt 0:05:55]} c5 {[%emt 0:02:05]} 9. Bxe4 {[%emt 0:19:20]} dxe4
{[%emt 0:01:32]} 10. dxc5 {[%emt 0:03:23]} Nc6 {[%emt 0:04:02]} 11. Nge2 {
[%emt 0:04:06]} Qd3 {[%emt 0:06:42]} 12. Qxd3 {[%emt 0:17:00]} exd3 {[%emt 0:
00:04]} 13. a3 {[%emt 0:05:31]} Bxc5 {[%emt 0:01:49]} 14. Ng3 {[%emt 0:03:32]}
Nxe5 {[%emt 0:03:04]} 15. O-O {[%emt 0:01:59]} Be6 {[%emt 0:14:59]} 16. Bf4 {
[%emt 0:07:23]} Ng6 {[%emt 0:09:06]} 17. Bd2 {[%emt 0:05:22]} f5 {[%emt 0:01:
34]} 18. Rfe1 {[%emt 0:03:40]} Bb3 {[%emt 0:07:04]} 19. Rac1 {[%emt 0:03:28]}
Bd6 {[%emt 0:04:21]} 20. Kh1 {[%emt 0:04:35]} a6 {[%emt 0:02:26]} 21. Nd1 {
[%emt 0:01:30]} Bf4 {[%emt 0:06:50]} 22. Ne3 {[%emt 0:01:49]} Bh6 {[%emt 0:03:
51]} 23. Nc4 {[%emt 0:01:23]} Bxd2 {[%emt 0:04:01]} 24. Nxd2 {[%emt 0:00:02]}
Bc2 {[%emt 0:00:04]} 25. Re6 {[%emt 0:01:07]} Rae8 {[%emt 0:03:57]} 26. Rce1 {
[%emt 0:00:39]} Rxe6 {[%emt 0:00:46]} 27. Rxe6 {[%emt 0:00:01]} Nh4 {[%emt 0:
00:51]} 28. f3 {[%emt 0:00:49]} g6 {[%emt 0:01:32]} 29. Kg1 {[%emt 0:00:33]}
Rd8 {[%emt 0:00:24]} 30. Rb6 {[%emt 0:00:44]} Rd7 {[%emt 0:00:04]} 31. Kf2 {
[%emt 0:00:20]} Kf7 {[%emt 0:00:17]} 32. Kf1 {[%emt 0:00:51]} Ke7 {[%emt 0:01:
12]} 33. Kf2 {[%emt 0:00:18]} Rc7 {[%emt 0:00:18]} 34. Kf1 {[%emt 0:00:44]} a5
{[%emt 0:00:23]} 35. Kf2 {[%emt 0:00:28]} Kf7 {[%emt 0:00:47]} 36. Kf1 {
[%emt 0:00:29]} Ke7 {[%emt 0:00:35]} 37. Kf2 {[%emt 0:00:14]} Rd7 {[%emt 0:00:
18]} 38. Kf1 {[%emt 0:00:21]} Ba4 {[%emt 0:00:42]} 39. Kf2 {[%emt 0:00:55]} Bc6
{[%emt 0:00:19]} 40. Kf1 {[%emt 0:00:32]} Rd6 {[%emt 0:00:41]} 41. Kf2 {
[%emt 0:04:27]} Rd5 {[%emt 0:08:19]} 42. Ngf1 {[%emt 0:06:57]} Re5 {[%emt 0:06:
08]} 43. Ng3 {[%emt 0:07:04]} g5 {[%emt 0:01:37]} 44. h3 {[%emt 0:04:40]} Ng6 {
[%emt 0:01:32]} 45. Nc4 {[%emt 0:02:44]} Rc5 {[%emt 0:01:33]} 46. Nd2 {[%emt 0:
01:29]} Rc2 {[%emt 0:01:53]} 47. Ngf1 {[%emt 0:03:30]} Nf4 {[%emt 0:00:42]} 48.
g3 {[%emt 0:01:06]} Ne6 {[%emt 0:03:33]} 49. Ke3 {[%emt 0:00:46]} Nc5 {[%emt 0:
00:16]} 50. f4 {[%emt 0:01:45]} Kd6 {[%emt 0:01:07]} 51. b3 {[%emt 0:00:58]}
gxf4+ {[%emt 0:02:10]} 52. gxf4 {[%emt 0:00:23]} Kc7 {[%emt 0:00:12]} 53. Nc4 {
[%emt 0:00:20]} Nd7 {[%emt 0:01:55]} 54. Rxc6+ {[%emt 0:00:48]} bxc6 {[%emt 0:
00:34]} 55. Kxd3 {[%emt 0:00:20]} Rf2 {[%emt 0:00:06]} 56. Nfe3 {[%emt 0:00:38]
} Rxf4 {[%emt 0:01:11]} 57. Nxa5 {[%emt 0:00:24]} Rf3 {[%emt 0:00:46]} 58. Ke2
{[%emt 0:00:26]} Rxh3 {[%emt 0:00:07]} 59. Nxf5 {[%emt 0:00:10]} Rh5 {[%emt 0:
00:05]} 0-1

[Event "European School Championships"]
[Site "Rhodes, Greece"]
[Date "2022.04.24"]
[Round "4.2"]
[White "Ozsoy, Idil Mira"]
[Black "Eshkol, Lilian"]
[Result "0-1"]
[WhiteElo "2034"]
[BlackElo "1636"]
[PlyCount "72"]
[EventDate "2022.04.21"]
[EventRounds "9"]

1. e4 {[%emt 0:00:03]} e5 {[%emt 0:00:32]} 2. Nf3 {[%emt 0:00:10]} Nc6 {
[%emt 0:00:10]} 3. d4 {[%emt 0:00:04]} exd4 {[%emt 0:00:51]} 4. Bc4 {[%emt 0:
00:05]} Bc5 {[%emt 0:00:57]} 5. c3 {[%emt 0:00:06]} Nf6 {[%emt 0:01:45]} 6. e5
{[%emt 0:00:26]} d5 {[%emt 0:00:45]} 7. Bb5 {[%emt 0:00:23]} Ne4 {[%emt 0:00:
48]} 8. cxd4 {[%emt 0:02:24]} Bb6 {[%emt 0:01:06]} 9. h3 {[%emt 0:01:42]} O-O {
[%emt 0:02:34]} 10. O-O {[%emt 0:00:37]} Be6 {[%emt 0:03:23]} 11. Nc3 {[%emt 0:
20:05]} h6 {[%emt 0:16:10]} 12. Re1 {[%emt 0:02:37]} Bf5 {[%emt 0:11:40]} 13.
Bf4 {[%emt 0:23:32]} a6 {[%emt 0:11:58]} 14. Ba4 {[%emt 0:02:14]} Ba5 {[%emt 0:
05:11]} 15. Bd2 {[%emt 0:02:12]} Nb4 {[%emt 0:07:22]} 16. Re3 {[%emt 0:13:43]}
c5 {[%emt 0:14:44]} 17. a3 {[%emt 0:11:31]} Nc6 {[%emt 0:01:10]} 18. Bxc6 {
[%emt 0:03:48]} bxc6 {[%emt 0:00:37]} 19. Nxe4 {[%emt 0:00:29]} dxe4 {[%emt 0:
00:23]} 20. Bxa5 {[%emt 0:04:10]} Qxa5 {[%emt 0:00:07]} 21. Nh4 {[%emt 0:00:19]
} Bh7 {[%emt 0:05:40]} 22. Rg3 {[%emt 0:01:43]} cxd4 {[%emt 0:02:05]} 23. Qxd4
{[%emt 0:04:07]} Rfd8 {[%emt 0:01:08]} 24. Qe3 {[%emt 0:00:17]} Qxe5 {[%emt 0:
01:08]} 25. Rb1 {[%emt 0:02:46]} Rd3 26. Qe1 {[%emt 0:02:20]} Rxg3 {[%emt 0:00:
38]} 27. fxg3 {[%emt 0:00:05]} Qd4+ {[%emt 0:02:24]} 28. Kh2 {[%emt 0:00:36]}
g5 {[%emt 0:01:04]} 29. Rc1 {[%emt 0:00:31]} c5 {[%emt 0:01:52]} 30. Rc3 {
[%emt 0:00:31]} gxh4 {[%emt 0:00:35]} 31. gxh4 {[%emt 0:00:21]} Rd8 {[%emt 0:
01:18]} 32. Qc1 {[%emt 0:00:52]} Rd6 {[%emt 0:02:04]} 33. Rxc5 {[%emt 0:01:17]}
e3 {[%emt 0:00:27]} 34. Rc4 {[%emt 0:00:44]} Qe5+ {[%emt 0:00:38]} 35. Kh1 {
[%emt 0:00:19]} e2 {[%emt 0:00:30]} 36. Rg4+ {[%emt 0:00:23]} Bg6 {[%emt 0:00:
18]} 0-1

[Event "European School Championships"]
[Site "Rhodes, Greece"]
[Date "2022.04.24"]
[Round "4.3"]
[White "Mgeladze, Kesaria"]
[Black "Macek, Inti"]
[Result "1/2-1/2"]
[WhiteElo "1663"]
[BlackElo "1224"]
[PlyCount "99"]
[EventDate "2022.04.21"]
[EventRounds "9"]

1. e4 {[%emt 0:00:02]} e5 {[%emt 0:00:07]} 2. Nf3 {[%emt 0:00:18]} Nc6 {
[%emt 0:00:18]} 3. Bb5 {[%emt 0:00:38]} a6 {[%emt 0:00:33]} 4. Ba4 {[%emt 0:00:
44]} Nf6 {[%emt 0:09:39]} 5. d3 {[%emt 0:01:47]} d6 {[%emt 0:01:17]} 6. c3 {
[%emt 0:01:25]} b5 {[%emt 0:18:45]} 7. Bc2 {[%emt 0:02:20]} Bg4 {[%emt 0:12:02]
} 8. O-O {[%emt 0:03:58]} Be7 {[%emt 0:02:42]} 9. Be3 {[%emt 0:06:17]} O-O {
[%emt 0:11:50]} 10. Nbd2 {[%emt 0:05:48]} Re8 {[%emt 0:16:55]} 11. d4 {[%emt 0:
08:44]} d5 {[%emt 0:09:43]} 12. exd5 {[%emt 0:11:53]} Nxd5 {[%emt 0:00:22]} 13.
Qb1 {[%emt 0:07:43]} exd4 {[%emt 0:07:02]} 14. Nxd4 {[%emt 0:01:50]} Nxd4 {
[%emt 0:01:01]} 15. Bxd4 {[%emt 0:14:26]} h6 {[%emt 0:03:54]} 16. h3 {[%emt 0:
02:15]} Be6 {[%emt 0:00:20]} 17. Nb3 {[%emt 0:03:04]} Bf6 {[%emt 0:00:43]} 18.
Bxf6 {[%emt 0:02:42]} Qxf6 {[%emt 0:00:08]} 19. Nc5 {[%emt 0:03:01]} Nf4 {
[%emt 0:01:19]} 20. Be4 {[%emt 0:02:00]} Ra7 {[%emt 0:00:27]} 21. Nxe6 {
[%emt 0:05:26]} Rxe6 {[%emt 0:00:05]} 22. Rd1 {[%emt 0:01:32]} c5 {[%emt 0:00:
42]} 23. Qc2 {[%emt 0:04:13]} Rae7 {[%emt 0:00:13]} 24. Rd8+ {[%emt 0:01:51]}
Re8 {[%emt 0:00:06]} 25. Rxe8+ {[%emt 0:00:10]} Rxe8 {[%emt 0:00:05]} 26. Rd1 {
[%emt 0:00:28]} g6 {[%emt 0:01:27]} 27. Kh1 {[%emt 0:03:38]} Qe7 {[%emt 0:00:
52]} 28. Bf3 {[%emt 0:00:28]} Rd8 {[%emt 0:00:47]} 29. Kh2 {[%emt 0:02:17]}
Rxd1 {[%emt 0:00:12]} 30. Qxd1 {[%emt 0:00:05]} c4 {[%emt 0:00:20]} 31. Qd4 {
[%emt 0:01:27]} Nd3 {[%emt 0:00:17]} 32. b3 {[%emt 0:00:07]} Qc7+ {[%emt 0:00:
30]} 33. Kg1 {[%emt 0:00:12]} Qc5 {[%emt 0:00:48]} 34. Qxc5 {[%emt 0:01:40]}
Nxc5 {[%emt 0:00:02]} 35. bxc4 {[%emt 0:00:16]} bxc4 {[%emt 0:00:05]} 36. Bd5 {
[%emt 0:00:12]} Na4 {[%emt 0:00:09]} 37. Bxc4 {[%emt 0:00:12]} a5 {[%emt 0:00:
05]} 38. Bb5 {[%emt 0:01:11]} Nxc3 {[%emt 0:00:06]} 39. a4 {[%emt 0:00:03]} Kf8
{[%emt 0:00:19]} 40. Bc6 {[%emt 0:00:14]} Ke7 {[%emt 0:00:12]} 41. Kf1 {
[%emt 0:00:09]} f6 {[%emt 0:00:12]} 42. Ke1 {[%emt 0:00:50]} Kd6 {[%emt 0:00:
34]} 43. Be8 {[%emt 0:00:14]} g5 {[%emt 0:00:12]} 44. Kd2 {[%emt 0:00:18]} Ne4+
{[%emt 0:00:54]} 45. Ke3 {[%emt 0:00:05]} Nc5 {[%emt 0:00:23]} 46. Kd4 {
[%emt 0:00:52]} Ne6+ {[%emt 0:03:15]} 47. Ke4 {[%emt 0:00:42]} Kc5 {[%emt 0:05:
29]} 48. Bd7 {[%emt 0:01:45]} Ng7 {[%emt 0:00:25]} 49. g4 {[%emt 0:01:01]} Kd6
{[%emt 0:00:44]} 50. Bb5 {[%emt 0:01:02]} 1/2-1/2

[Event "European School Championships"]
[Site "Rhodes, Greece"]
[Date "2022.04.24"]
[Round "4.4"]
[White "Parikh, Naavya"]
[Black "Sofieva, Alexandra"]
[Result "1-0"]
[WhiteElo "1627"]
[BlackElo "1076"]
[PlyCount "143"]
[EventDate "2022.04.21"]
[EventRounds "9"]

1. e4 {[%emt 0:00:02]} c5 {[%emt 0:00:04]} 2. Nc3 {[%emt 0:00:18]} e6 {[%emt 0:
00:13]} 3. f4 {[%emt 0:00:29]} Ne7 {[%emt 0:01:08]} 4. Nf3 {[%emt 0:00:33]}
Nbc6 {[%emt 0:00:16]} 5. Bb5 {[%emt 0:00:14]} a6 {[%emt 0:00:40]} 6. Bxc6 {
[%emt 0:00:13]} Nxc6 {[%emt 0:00:14]} 7. d3 {[%emt 0:00:29]} g6 {[%emt 0:00:27]
} 8. O-O {[%emt 0:01:11]} Bg7 {[%emt 0:00:08]} 9. Bd2 {[%emt 0:00:26]} O-O {
[%emt 0:00:11]} 10. Qe1 {[%emt 0:00:56]} d6 {[%emt 0:00:46]} 11. Qg3 {[%emt 0:
01:15]} Qc7 {[%emt 0:02:26]} 12. Nh4 {[%emt 0:04:58]} f5 {[%emt 0:16:42]} 13.
Qh3 {[%emt 0:07:20]} Nd4 {[%emt 0:07:52]} 14. Rac1 {[%emt 0:03:16]} b5 {
[%emt 0:05:45]} 15. Kh1 {[%emt 0:02:21]} Bb7 {[%emt 0:01:01]} 16. Qe3 {[%emt 0:
04:55]} Qe7 {[%emt 0:02:45]} 17. Nf3 {[%emt 0:03:14]} Nxf3 {[%emt 0:01:18]} 18.
Rxf3 {[%emt 0:03:23]} Rf7 {[%emt 0:04:28]} 19. Re1 {[%emt 0:00:45]} Re8 {
[%emt 0:00:26]} 20. Rff1 {[%emt 0:01:40]} Qc7 {[%emt 0:04:21]} 21. Nd1 {
[%emt 0:02:12]} Ree7 {[%emt 0:01:54]} 22. Bc3 {[%emt 0:02:00]} b4 {[%emt 0:05:
17]} 23. Bxg7 {[%emt 0:00:31]} Rxg7 {[%emt 0:00:12]} 24. Nf2 {[%emt 0:01:46]}
a5 {[%emt 0:01:23]} 25. h3 {[%emt 0:03:43]} Qc6 {[%emt 0:00:34]} 26. Kh2 {
[%emt 0:01:07]} Qc7 {[%emt 0:02:12]} 27. g3 {[%emt 0:02:17]} Qd7 {[%emt 0:00:
34]} 28. Qd2 {[%emt 0:06:11]} Qc6 {[%emt 0:00:33]} 29. Re3 {[%emt 0:00:22]} Ba8
{[%emt 0:01:06]} 30. b3 {[%emt 0:00:41]} Bb7 {[%emt 0:00:14]} 31. Rfe1 {
[%emt 0:00:07]} Ba8 {[%emt 0:00:35]} 32. c3 {[%emt 0:01:29]} Bb7 {[%emt 0:00:
23]} 33. Nd1 {[%emt 0:03:48]} Qd7 {[%emt 0:01:05]} 34. Nb2 {[%emt 0:01:47]}
Rgf7 {[%emt 0:02:02]} 35. Nc4 {[%emt 0:00:55]} Qc7 {[%emt 0:01:04]} 36. a3 {
[%emt 0:01:49]} bxa3 {[%emt 0:04:50]} 37. Ra1 {[%emt 0:00:47]} Ba6 {[%emt 0:04:
00]} 38. Rxa3 {[%emt 0:02:57]} Bxc4 {[%emt 0:00:39]} 39. dxc4 {[%emt 0:00:22]}
Qd8 {[%emt 0:00:39]} 40. Qa2 {[%emt 0:01:49]} Ra7 {[%emt 0:00:27]} 41. b4 {
[%emt 0:00:39]} Ra6 {[%emt 0:01:57]} 42. e5 {[%emt 0:02:02]} Rfa7 {[%emt 0:03:
25]} 43. Rd3 {[%emt 0:03:39]} Qc7 {[%emt 0:02:31]} 44. b5 {[%emt 0:04:13]} Rb6
{[%emt 0:01:17]} 45. Qe2 {[%emt 0:03:36]} dxe5 {[%emt 0:00:59]} 46. Qxe5 {
[%emt 0:01:24]} Qe7 {[%emt 0:05:59]} 47. Qe2 {[%emt 0:01:14]} Rb8 {[%emt 0:01:
23]} 48. Re3 {[%emt 0:01:26]} Kf7 {[%emt 0:00:34]} 49. g4 {[%emt 0:03:01]} Qd6
{[%emt 0:01:57]} 50. Re5 {[%emt 0:01:57]} Kf6 {[%emt 0:00:49]} 51. Qe3 {
[%emt 0:01:02]} Rc8 {[%emt 0:00:22]} 52. g5+ {[%emt 0:01:31]} Kf7 {[%emt 0:00:
23]} 53. Kg3 {[%emt 0:00:55]} Rcc7 {[%emt 0:00:42]} 54. h4 {[%emt 0:00:59]} Rc8
{[%emt 0:00:10]} 55. Ra2 {[%emt 0:00:14]} Qb6 {[%emt 0:01:03]} 56. Qd3 {
[%emt 0:00:39]} Re8 {[%emt 0:01:03]} 57. Ree2 {[%emt 0:00:55]} Rd8 {[%emt 0:01:
24]} 58. Qe3 {[%emt 0:00:25]} Qd6 {[%emt 0:01:47]} 59. Red2 {[%emt 0:00:23]}
Qc7 {[%emt 0:02:18]} 60. Re2 {[%emt 0:00:50]} Qd6 {[%emt 0:01:04]} 61. Rad2 {
[%emt 0:00:19]} Qe7 {[%emt 0:01:36]} 62. Rxd8 {[%emt 0:00:45]} Qxd8 {[%emt 0:
00:09]} 63. Qxe6+ {[%emt 0:00:04]} Kf8 {[%emt 0:00:12]} 64. Qe3 {[%emt 0:00:40]
} Qc8 {[%emt 0:01:07]} 65. Rd2 {[%emt 0:01:09]} Re7 {[%emt 0:00:54]} 66. Qf2 {
[%emt 0:00:40]} Qc7 {[%emt 0:00:47]} 67. Rd5 {[%emt 0:00:47]} Qa7 {[%emt 0:01:
51]} 68. Qxc5 {[%emt 0:01:06]} Qxc5 {[%emt 0:00:30]} 69. Rxc5 {[%emt 0:00:05]}
Re3+ {[%emt 0:00:02]} 70. Kg2 {[%emt 0:00:10]} Rxc3 {[%emt 0:00:21]} 71. b6 {
[%emt 0:00:05]} Rb3 {[%emt 0:00:23]} 72. Rb5 {[%emt 0:00:08]} 1-0

[Event "European School Championships"]
[Site "Rhodes, Greece"]
[Date "2022.04.25"]
[Round "5.1"]
[White "Kirtadze, Anastasia"]
[Black "Parikh, Naavya"]
[Result "1-0"]
[WhiteElo "1783"]
[BlackElo "1627"]
[PlyCount "57"]
[EventDate "2022.04.21"]
[EventRounds "9"]

1. e4 {[%emt 0:00:03]} e5 {[%emt 0:00:06]} 2. Nf3 {[%emt 0:00:04]} Nc6 {
[%emt 0:00:10]} 3. Bb5 {[%emt 0:00:05]} Nd4 {[%emt 0:00:13]} 4. Nxd4 {[%emt 0:
00:14]} exd4 {[%emt 0:00:18]} 5. Bc4 {[%emt 0:00:57]} d6 {[%emt 0:02:18]} 6. c3
{[%emt 0:14:21]} dxc3 {[%emt 0:00:30]} 7. Nxc3 {[%emt 0:00:42]} Be6 {[%emt 0:
00:54]} 8. Bxe6 {[%emt 0:04:20]} fxe6 {[%emt 0:00:11]} 9. Qh5+ {[%emt 0:00:12]}
Kd7 {[%emt 0:02:39]} 10. d4 {[%emt 0:02:03]} Nf6 {[%emt 0:00:47]} 11. Qh3 {
[%emt 0:02:00]} Qe8 {[%emt 0:06:31]} 12. e5 {[%emt 0:01:15]} Ng8 {[%emt 0:01:
52]} 13. O-O {[%emt 0:03:16]} Qg6 {[%emt 0:05:40]} 14. Bf4 {[%emt 0:06:29]} Ne7
{[%emt 0:09:58]} 15. exd6 {[%emt 0:02:12]} cxd6 {[%emt 0:01:29]} 16. d5 {
[%emt 0:01:07]} Qf5 {[%emt 0:05:35]} 17. dxe6+ {[%emt 0:00:56]} Qxe6 {[%emt 0:
01:11]} 18. Qd3 {[%emt 0:05:06]} a6 {[%emt 0:13:23]} 19. Ne4 {[%emt 0:08:59]}
Qd5 {[%emt 0:07:53]} 20. Qf3 {[%emt 0:03:02]} Qc6 {[%emt 0:18:38]} 21. Rac1 {
[%emt 0:01:43]} Qb6 {[%emt 0:01:25]} 22. Qg4+ {[%emt 0:01:50]} Kd8 {[%emt 0:02:
15]} 23. Nxd6 {[%emt 0:00:59]} Rg8 {[%emt 0:01:02]} 24. Rfd1 {[%emt 0:01:43]}
Qb4 {[%emt 0:03:09]} 25. Nf7+ {[%emt 0:02:14]} Ke8 {[%emt 0:00:23]} 26. Ne5 {
[%emt 0:00:12]} Qa4 {[%emt 0:01:36]} 27. Qe6 {[%emt 0:00:29]} Qxd1+ {[%emt 0:
03:13]} 28. Rxd1 {[%emt 0:00:13]} Rd8 {[%emt 0:01:13]} 29. Qf7# {[%emt 0:00:08]
} 1-0